[Event "BEL-ch op"]
[Site "Niel"]
[Date "2017.07.06"]
[Round "6"]
[White "Geerinckx, Bernard"]
[Black "Dgebuadze, Marie"]
[Result "0-1"]
[WhiteElo "1532"]
[BlackElo "1616"]
[PlyCount "158"]
[EventDate "2017.07.01"]
[EventType "swiss"]
[EventRounds "9"]
[EventCountry "BEL"]
[SourceTitle "EXT 2018"]
[Source "ChessBase"]
[SourceDate "2017.10.13"]
[SourceVersion "1"]
[SourceVersionDate "2017.10.13"]
[SourceQuality "1"]

1. e4 c5 2. Nf3 Nc6 3. d4 cxd4 4. Nxd4 Nf6 5. Nc3 Qa5 6. Nb3 Qc7 7. Be2 e6 8. a3 a6 9. 0-0 d6 10. Be3 Be7 11. f4 0-0 12. Bf3 Rd8 13. Na4 Rf8 14. Nb6 Rb8 15. Qd2 Nd7 16. Qf2 Bh4 17. g3 Bf6 18. c3 Nxb6 19. Bxb6 Qd7 20. Rfd1 Bd8 21. Rd3 Bxb6 22. Qxb6 Qe7 23. Rad1 Rd8 24. Nd4 Bd7 25. Nc2 Be8 26. Ne3 Rd7 27. Nc4 Rbd8 28. Qe3 b5 29. Nd2 f6 30. b4 Bg6 31. Nb3 Ra7 32. R3d2 Bf7 33. Nd4 Nxd4 34. Rxd4 Rad7 35. Qd2 e5 36. fxe5 fxe5 37. Rd3 Bc4 38. Re3 Ra7 39. Be2 Bf7 40. Rd3 Rad7 41. Qe3 Bc4 42. R3d2 Qf7 43. Rf1 Qe6 44. Bd3 Bxd3 45. Qxd3 d5 46. Rdf2 d4 47. Qf3 h6 48. cxd4 Rxd4 49. Qf5 Qxf5 50. exf5 Rd3 51. Re2 Re8 52. Rfe1 Rd5 53. Re4 Kf7 54. g4 Kf6 55. Kf2 Rc8 56. h3 Rc3 57. R4e3 Rc6 58. h4 Rc2+ 59. Kg3 Rcd2 60. Rc3 R2d3+ 61. Re3 Rxe3+ 62. Rxe3 Rd4 63. Kf3 h5 64. gxh5 Rxh4 65. Rd3 Rh3+ 66. Ke4 Rxd3 67. Kxd3 Kxf5 68. Ke3 e4 69. Ke2 Kf4 70. Kf2 e3+ 71. Ke1 Kf3 72. Kf1 e2+ 73. Ke1 Ke3 74. h6 gxh6 75. a4 Kd3 76. a5 Kc4 77. Kxe2 Kxb4 78. Kd3 h5 79. Kd2 h4 0-1

[Event "Geraardsbergen op 26th"]
[Site "Geraardsbergen"]
[Date "2010.08.14"]
[Round "7"]
[White "Deschuyteneer, Lucien"]
[Black "Geerinckx, Bernard"]
[Result "1-0"]
[WhiteElo "1606"]
[BlackElo "1742"]
[PlyCount "61"]
[EventDate "2010.08.11"]
[EventType "swiss"]
[EventRounds "9"]
[EventCountry "BEL"]
[SourceTitle "CBM 138 Extra"]
[Source "ChessBase"]
[SourceDate "2010.10.29"]
[SourceVersion "1"]
[SourceVersionDate "2010.10.29"]
[SourceQuality "1"]

1. d4 Nf6 2. c4 c5 3. d5 e6 4. Nc3 exd5 5. cxd5 d6 6. e4 g6 7. Bg5 Bg7 8. Qd2 a6 9. Rb1 b5 10. b4 c4 11. a4 Bd7 12. f3 Qb6 13. Be3 Qc7 14. Nge2 0-0 15. g4 bxa4 16. Nd4 Rd8 17. h4 Be8 18. h5 Rc8 19. hxg6 fxg6 20. Qh2 Qe7 21. Bh3 Bd7 22. Ne6 Nxg4 23. Bxg4 Bxc3+ 24. Ke2 a3 25. Bg5 Qf7 26. f4 Bh8 27. e5 dxe5 28. fxe5 Bxe5 29. Rbf1 Rf8 30. Qxh7+ Qxh7 31. Rxf8# 1-0

[Event "Geraardsbergen op"]
[Site "Geraardsbergen"]
[Date "2003.08.17"]
[Round "7"]
[White "Geerinckx, Bernard"]
[Black "Barbier, Wiebke"]
[Result "1-0"]
[WhiteElo "1525"]
[BlackElo "100"]
[PlyCount "87"]
[EventDate "2003.08.??"]
[EventType "swiss"]
[EventRounds "7"]
[EventCountry "BEL"]
[SourceTitle "EXT 2005"]
[Source "ChessBase"]
[SourceDate "2004.11.15"]
[SourceVersion "1"]
[SourceVersionDate "2004.11.15"]
[SourceQuality "1"]

1. e4 e5 2. Nf3 d6 3. d4 f6 4. Bb5+ c6 5. Bc4 d5 6. exd5 cxd5 7. Bb3 Bg4 8. dxe5 fxe5 9. Bxd5 Nf6 10. Bg5 Be7 11. Bf7+ Kxf7 12. Nxe5+ Ke8 13. Qxd8+ Bxd8 14. c3 Bf5 15. Nd2 Bc7 16. Bxf6 gxf6 17. Nec4 Nc6 18. 0-0 Bd3 19. Rfe1+ Kf7 20. Re3 Ne5 21. Nxe5+ Bxe5 22. Rxd3 Rad8 23. Rxd8 Rxd8 24. Nf3 Ke6 25. Kf1 Kf5 26. Ke2 Kf4 27. Nxe5 Kxe5 28. Rd1 Re8 29. Rd7 Kf5+ 30. Kd2 Rg8 31. g3 Kg6 32. Rxb7 Rd8+ 33. Kc2 Re8 34. Rd7 Re2+ 35. Rd2 Re1 36. c4 Rh1 37. h4 Rh2 38. c5 Rh1 39. c6 Re1 40. c7 Re8 41. Rd8 Re2+ 42. Kc1 Re1+ 43. Kd2 Re6 44. c8Q 1-0

[Event "Geraardsbergen op"]
[Site "Geraardsbergen"]
[Date "2003.08.16"]
[Round "6"]
[White "De Moyer, Wouter"]
[Black "Geerinckx, Bernard"]
[Result "1/2-1/2"]
[WhiteElo "1354"]
[BlackElo "1525"]
[PlyCount "24"]
[EventDate "2003.08.??"]
[EventType "swiss"]
[EventRounds "7"]
[EventCountry "BEL"]
[SourceTitle "EXT 2005"]
[Source "ChessBase"]
[SourceDate "2004.11.15"]
[SourceVersion "1"]
[SourceVersionDate "2004.11.15"]
[SourceQuality "1"]

1. e4 e6 2. d4 d5 3. exd5 exd5 4. Be3 Be6 5. Nf3 Nf6 6. Nbd2 Nbd7 7. Bd3 Bd6 8. 0-0 0-0 9. c3 c6 10. Qc2 Re8 11. Rfe1 Bg4 12. Rac1 Bh3 1/2-1/2

[Event "Geraardsbergen op"]
[Site "Geraardsbergen"]
[Date "2003.08.16"]
[Round "5"]
[White "Geerinckx, Bernard"]
[Black "De Sloovere, Michael"]
[Result "0-1"]
[WhiteElo "1525"]
[BlackElo "1454"]
[PlyCount "26"]
[EventDate "2003.08.??"]
[EventType "swiss"]
[EventRounds "7"]
[EventCountry "BEL"]
[SourceTitle "EXT 2005"]
[Source "ChessBase"]
[SourceDate "2004.11.15"]
[SourceVersion "1"]
[SourceVersionDate "2004.11.15"]
[SourceQuality "1"]

1. e4 e5 2. Nf3 Nc6 3. Bb5 a6 4. Ba4 b5 5. Bb3 Be7 6. 0-0 Nf6 7. Re1 d6 8. c3 0-0 9. h3 Na5 10. Bc2 c5 11. d4 cxd4 12. cxd4 Qc7 13. Nbd2 Bb7 0-1

[Event "Geraardsbergen op"]
[Site "Geraardsbergen"]
[Date "2003.08.15"]
[Round "4"]
[White "Achen, Denis"]
[Black "Geerinckx, Bernard"]
[Result "1-0"]
[WhiteElo "1706"]
[BlackElo "1525"]
[PlyCount "64"]
[EventDate "2003.08.??"]
[EventType "swiss"]
[EventRounds "7"]
[EventCountry "BEL"]
[SourceTitle "EXT 2005"]
[Source "ChessBase"]
[SourceDate "2004.11.15"]
[SourceVersion "1"]
[SourceVersionDate "2004.11.15"]
[SourceQuality "1"]

1. d4 Nf6 2. Nf3 g6 3. c3 Bg7 4. h3 d6 5. Bf4 b6 6. e3 Bb7 7. Bb5+ Nbd7 8. Nbd2 a6 9. Ba4 b5 10. Bb3 0-0 11. 0-0 e6 12. Qe2 a5 13. a4 bxa4 14. Bxa4 Qe7 15. Rfe1 e5 16. dxe5 dxe5 17. Bg5 Qe6 18. Ra3 Nc5 19. Bb5 h6 20. Bxf6 Bxf6 21. Rea1 Qb6 22. b3 e4 23. Nd4 Be7 24. Nc4 Qf6 25. Rxa5 Nd3 26. b4 c6 27. Ba6 Rab8 28. f4 c5 29. Bxb7 Rxb7 30. bxc5 Bxc5 31. Ra6 Qh4 32. Nc6 Rb3 1-0

[Event "Geraardsbergen op"]
[Site "Geraardsbergen"]
[Date "2003.08.15"]
[Round "1"]
[White "Geerinckx, Bernard"]
[Black "De Putter, Theo"]
[Result "1/2-1/2"]
[WhiteElo "1525"]
[BlackElo "2017"]
[PlyCount "87"]
[EventDate "2003.08.??"]
[EventType "swiss"]
[EventRounds "7"]
[EventCountry "BEL"]
[SourceTitle "EXT 2005"]
[Source "ChessBase"]
[SourceDate "2004.11.15"]
[SourceVersion "1"]
[SourceVersionDate "2004.11.15"]
[SourceQuality "1"]

1. e4 c5 2. Nf3 Nc6 3. d4 cxd4 4. Nxd4 Qc7 5. Nc3 e6 6. Be3 a6 7. Qd2 Nf6 8. f3 Bb4 9. Bc4 Na5 10. Bb3 Nc4 11. Bxc4 Qxc4 12. Qd3 Qxd3 13. cxd3 d5 14. e5 Nd7 15. f4 Nc5 16. Rd1 Na4 17. Kd2 Nxb2 18. Rb1 Bxc3+ 19. Kxc3 Na4+ 20. Kd2 b5 21. Rhc1 Kd7 22. Rc6 Bb7 23. Rd6+ Ke7 24. Nc6+ Bxc6 25. Rxc6 Rhd8 26. Bd4 h6 27. Rbc1 Rd7 28. Rc8 Rd8 29. R1c7+ Ke8 30. Rxd8+ Rxd8 31. Ra7 Rb8 32. Rxa6 Rb7 33. Kc2 Rc7+ 34. Kd2 Kd7 35. Ra5 Rb7 36. Kc2 Kc6 37. Kb3 Nc5+ 38. Kc3 g6 39. Bxc5 Kxc5 40. d4+ Kb6 41. Kb4 Rc7 42. Rxb5+ Ka6 43. Rc5 Rb7+ 44. Kc3 1/2-1/2

[Event "Geraardsbergen op"]
[Site "Geraardsbergen"]
[Date "2003.08.14"]
[Round "2"]
[White "Vanhee, Freddy"]
[Black "Geerinckx, Bernard"]
[Result "1-0"]
[WhiteElo "1979"]
[BlackElo "1525"]
[PlyCount "63"]
[EventDate "2003.08.??"]
[EventType "swiss"]
[EventRounds "7"]
[EventCountry "BEL"]
[SourceTitle "EXT 2005"]
[Source "ChessBase"]
[SourceDate "2004.11.15"]
[SourceVersion "1"]
[SourceVersionDate "2004.11.15"]
[SourceQuality "1"]

1. d4 Nf6 2. c3 g6 3. Bf4 d6 4. Nf3 Bg7 5. h3 0-0 6. Nbd2 c5 7. e3 Nbd7 8. Be2 a6 9. a4 b6 10. 0-0 Bb7 11. Re1 Rc8 12. Bf1 Nh5 13. Bh2 Re8 14. g4 Nhf6 15. Bg2 e5 16. dxe5 dxe5 17. Nc4 e4 18. Nfd2 Bf8 19. Qc2 Re6 20. Rad1 Qe8 21. Nf1 Rcc6 22. Qe2 Qc8 23. Ng3 Bd6 24. Nxd6 Rcxd6 25. Rxd6 Rxd6 26. g5 Ne8 27. Nxe4 Bxe4 28. Bxe4 Re6 29. Bd5 Re7 30. Qg4 Qd8 31. Rd1 Nf8 32. Bxf7+ 1-0